000
00374nam a2200145Ia 4500
008
090124s9999 xx 000 0 und d
082
_b
203724
245
_a
प्रतिज्ञा
250
_a
1
260
_b
प्रेमचंद
_c
1993
300
_a
152
630
_a
प्रतिज्ञा
730
_a
प्रतिज्ञा
942
_c
BOOK
999
_c
185305
_d
185305